| 000 | 00595nam a2200169 a 4500 | ||
|---|---|---|---|
| 008 | 120416s1985 ||||||||||||||||| || u | ||
| 020 | _a0566024993 | ||
| 050 | _aHG 3751 Cre | ||
| 100 | _aEdwards, Herbert | ||
| 245 | 1 | 0 |
_aCredit management handbook. (2nd ed.) _cedited by Herbert Edwards |
| 250 | _a2nd ed. | ||
| 260 |
_aAldershot: _bGower _c1985 |
||
| 300 | _axxix, 529p. : ill. | ||
| 350 | _a0.00 | ||
| 650 | _aCREDIT--MANAGEMENT | ||
| 995 |
_D0.00 _FCBU-MAIN LIBRARY (Kitwe) _H1 _I32.00 _M1 _UAVAILABLE _ZMain Library Open Access Collection |
||
| 999 |
_c39167 _d39167 |
||